Optimalizácia podnikových procesov využitím analýzy hodnotových tokov

Dôležitosť zlepšovania podnikových procesov z dôvodu udržania sa na trhu. Analýza podnikových procesov a tokov - Value Stream Mapping. Zmapovanie materiálových a informačných tokov skúmanej spoločnosti a zhotovenie mapy hodnotového toku, ktorá slúži na detailnú analýzu a posúdenie súčasného stavu po...

Descrizione completa

Salvato in:
Dettagli Bibliografici
Autore principale: Porubanová, Klaudia
Altri autori: Púčková, Nikola
Natura: Capitolo di libro
Lingua:slovacco
Soggetti:
Tags: Aggiungi Tag
Nessun Tag, puoi essere il primo ad aggiungerne!!

MARC

LEADER 00000naa$a2200000$$$4500
001 0260121
005 20240502074119.8
041 0 |a slo 
044 |a SK 
245 1 0 |a Optimalizácia podnikových procesov využitím analýzy hodnotových tokov  |c Klaudia Porubanová, Nikola Púčková 
520 |a Dôležitosť zlepšovania podnikových procesov z dôvodu udržania sa na trhu. Analýza podnikových procesov a tokov - Value Stream Mapping. Zmapovanie materiálových a informačných tokov skúmanej spoločnosti a zhotovenie mapy hodnotového toku, ktorá slúži na detailnú analýzu a posúdenie súčasného stavu podniku. Identifikácia úzkych miest, plytvania, nedostatkov podniku a návrh opatrení na elimináciu uvedených nedostatkov. 
610 2 0 |a procesy podnikové 
610 2 0 |a analýzy 
610 2 0 |a tok materiálu 
610 2 0 |a tok tovaru 
610 2 0 |a výroba 
610 2 0 |a cykly výrobné 
610 2 0 |a optimalizácia 
100 1 |a Porubanová, Klaudia 
700 1 |a Púčková, Nikola